000 00480nam a22002057a 4500
003 bpm
005 20260407095254.0
008 260407b |||||||| |||| 00| p spa d
020 _a9789876196310
024 _aS. C. C. / M. C. y E. M.:
040 _aAR-CtUCP
041 _aspa
080 _aCDU
100 _aVirgile Laura
245 _aRaspones de Minotaura
260 _aCorrientes
_bMoglia
_c2020
650 _aLiteratura - Poesía
942 _cLIB
999 _c76608
_d76608